期刊信息 |
| 索取号 |
F23/KJSH
|
| 题名 |
会计师
|
| 作者 |
会计师杂志社
|
| 分册号 |
|
| 分册名 |
|
| 出版地 |
北京
|
| 出版者 |
会计师杂志社
|
| 标准刊号 |
1672-6723
|
| 出版频率 |
月刊
|
| 中图法分类 |
F23
|
| 主题词 |
会计
|
| 电子资源 | |
| |
|
| 000 | 00640nas0 2200241 45 | |
| 001 | 0552754062 | |
| 005 | 20080702144438.51 | |
| 010 | @d10 | |
| 011 | @a1672-6723@dCNY10.00(2007) | |
| 091 | @aCN11-5056/F | |
| 092 | @b2-122 | |
| 100 | @a20051129d km y0chiy0120 ea | |
| 101 | 0 | @achi |
| 200 | 1 | @a会计师@AKuai Ji Shi@f会计师杂志社@FKuai Ji Shi Za Zhi She |
| 210 | @a北京@c会计师杂志社 | |
| 326 | @a月刊@b2015.03~ | |
| 326 | @a半月刊@b2014.08~2015.02 | |
| 326 | @a月刊@b~2014.07 | |
| 606 | 0 | @a会计 |
| 690 | @aF23@v4 | |
| 701 | 0 | @a会计师杂志社@AKuai Ji Shi Za Zhi She |
| 801 | 0 | @aCN@bPFT@c20080702 |
| 905 | @aTJWY@dF23@eKJSH | |
| 会计师/会计师杂志社.-北京:会计师杂志社 |
| 10 ISSN 1672-6723:CNY10.00(2007) |
| ● |
| 相关链接: |
|
|
|
|